000 00580nam a2200241Ia 4500
003 OSt
005 20220924150612.0
006 a|||||r|||| 00| 0
007 ta
008 220923b |||||||| |||| 00| 0 tel d
020 _c80.00
024 _a333872
037 _cTextual
040 _aARTS
_cARTS
_btel
041 _2tel
_atel
082 _a035,3x, N8
100 _aRamulu B.S. Au.
_9222523
245 0 _aKadhala badi
260 _c1998
650 _aTELUGU FICTION
942 _h035,3x, N8
_cTEXL
_2CC
999 _c463924
_d463924